Como apreciar vinhos / (Record no. 1015)

MARC details
000 -LÍDER
campo de controle de tamanho fixo 01268nam a22002417a 4500
003 - IDENTIFICADOR DO NÚMERO DE CONTROLE
campo de controle OSt
005 - DATA E HORÁRIO DA ÚLTIMA TRANSAÇÃO
campo de controle 20251126144349.0
008 - CAMPO DE DADOS FIXOS--INFORMAÇÃO GERAL
campo de controle de tamanho fixo 251126b |||||||| |||| 00| 0 eng d
020 ## - ISBN - INTERNATIONAL STANDARD BOOK NUMBER
ISBN - International Standard Book Number 8500923806
040 ## - FONTE DA CATALOGAÇÃO
Instituição que transcreveu o registro Nolita
041 ## - CÓDIGO DE IDIOMA
Código do idioma do texto/trilha sonora ou título diferente Português
100 1# - ENTRADA PRINCIPAL--NOME PESSOAL
Nome pessoal Johnson, Hugh,
Datas associadas ao nome 1939-
9 (RLIN) 62
240 ## - TÍTULO UNIFORME
Título uniforme [How to enjoy your wine]
245 ## - TÍTULO
Título Como apreciar vinhos /
Indicação de responsabilidade, etc. Hugh Johnson ; tradução e adaptação de Gilson Dimenstein Koatz
260 ## - PUBLICAÇÃO, DISTRIBUIÇÃO, ETC.
Local de publicação, distribuição, etc. Rio de Janeiro :
Nome do editor, distribuidor, etc. Ediouro,
Data da publicação, distribuição, etc. 1993
300 ## - DESCRIÇÃO FÍSICA
Extensão 144 p. :
Outros detalhes físicos il. col. ;
Dimensões 21 cm
500 ## - NOTA GERAL
Nota geral Informação retirada da capa: "A principal autoridade mundial em vinhos nos diz como comprar, julgar, guardar, servir, pedir, beber, e, mais que tudo, apreciar vinhos."<br/>Inclui índice.<br/>Tradução de: How to enjoy your wine.
520 ## - NOTA DE RESUMO, ETC.
Resumo, etc. Introdução acessível ao universo dos vinhos, abordando aspectos essenciais como tipos de uvas, regiões produtoras, métodos de vinificação, técnicas de degustação e serviço. Explica como identificar aromas, sabores e características sensoriais, oferecendo orientações práticas para escolher, harmonizar e apreciar vinhos no cotidiano.
650 #0 - ASSUNTO--TERMO TÓPICO
Cabeçalho tópico ou nome geográfico Bebidas alcoólicas
9 (RLIN) 59
650 #0 - ASSUNTO--TERMO TÓPICO
Cabeçalho tópico ou nome geográfico Vinho e vinificação
9 (RLIN) 65
650 #0 - ASSUNTO--TERMO TÓPICO
Cabeçalho tópico ou nome geográfico Vinho
Subdivisão geral Degustação
9 (RLIN) 79
942 ## - ELEMENTOS DE ENTRADA ADICIONADOS (KOHA)
Fonte de classificação ou esquema de arquivamento Classificação decimal de Dewey
Tipo de material Koha Livros
Ocultar no OPAC Não
Holdings
Situação do descarte Situação das perdas Fonte de classificação ou esquema de arquivamento Status danificado Não pode ser emprestado Coleção Biblioteca de origem Biblioteca atual Data de aquisição Total de empréstimos Número de chamada completo Código de barras Data de último acesso Data do preço efetivo Tipo de material Koha
    Classificação decimal de Dewey     Não ficção Nolita Roastery Nolita Roastery 11/26/2025   L1094 L1094 11/26/2025 11/26/2025 Livros